| 000 | 00483nam a22001937a 4500 | ||
|---|---|---|---|
| 003 | MPLRDC | ||
| 005 | 20220104113653.0 | ||
| 008 | 210129b ||||| |||| 00| 0 eng d | ||
| 020 | _a957-9420-25-4 | ||
| 082 | _a465.2 ZSQ | ||
| 100 | _a庄世琦 | ||
| 245 |
_a染色技法 1。2。3 _c |
||
| 250 | _a三版一刷 | ||
| 260 |
_a台湾 _b雄狮图书股份有限公司 _c1990 |
||
| 300 | _b134 | ||
| 490 | _a雄狮丛书10-016 | ||
| 650 | _a染色工艺 | ||
| 942 |
_cBK _o465.2 ZSQ |
||
| 999 |
_c1444 _d1434 |
||